000 00617nam a2200205Ia 4500
003 OSt
005 20251211123513.0
008 210707s1983 xx 000 0 und d
040 _cAL
041 _aKannada
082 _aK894.1 SIDK
100 _aSIDDHAYYA PURANIKA
_dಸಿದ್ಧಯ್ಯ ಪುರಾಣಿಕ
_9248856
245 _aKavyanandara ayda kavanagalu.
_bಕಾವ್ಯಾನಂದರ ಆಯ್ದ ಕವನಗಳು
260 _aBengaluru
_bVishva Kannada Sammelana
_c1983
300 _aviii,312 p
365 _b3
_cINR
563 _aPB
650 _aKannada Poetry
_9248857
942 _2ddc
_cBK
999 _c180132
_d180132